| 000 | 00582nam a22001937a 4500 | ||
|---|---|---|---|
| 003 | OSt | ||
| 005 | 20240617161348.0 | ||
| 008 | 240617b |||||||| |||| 00| 0 eng d | ||
| 020 | _a9780486649405 | ||
| 040 | _cMUST | ||
| 082 | _a515.35 TEN 1985 | ||
| 100 |
_aTenenbaum Morris _917388 |
||
| 245 |
_aORDINARY DIFFERENTIAL EQUATIONS _bA n Elementary textbook for students of mathematics,Engineering,and the sciences _cMorris Tenenbaum |
||
| 300 |
_axvii, 791p _bill. _c21.3cm |
||
| 504 | _aindexes | ||
| 600 | _2mathematics | ||
| 700 |
_apollard Harry _917389 |
||
| 942 |
_2ddc _cO_SHELF |
||
| 999 |
_c8573 _d8573 |
||